000 00481nam a22001817a 4500
003 CEME
005 20210628202849.0
008 210118b xxu||||| |||| 00| 0 eng d
020 _a81-7319-703-2
040 _c.
082 _a519.2 PRO
100 _aGraczyk , P, Dani, S.G
_962019
245 _aProbability measures on groups, recent direction and trends
260 _aNEW DELHI
_bNAROSA
_c2006
300 _a363 P
650 _aPROBABILITY THEORY.
_960409
942 _cBK
_2ddc
999 _c571266
_d571266